000 00303nam a22001337a 4500
008 181018b xxu||||| |||| 00| 0 eng d
020 _a0805396136
041 _aeng
080 _24 ed
_a573
100 _a12
101 _aBIO
245 _aMolecular Biology Of Gene
_cWatson.h
942 _2udc
_cBK
999 _c50141
_d50141